000 00323nam a22001457a 4500
020 _a978-0-323-22784-1
082 _a611,A14B
100 _aBRAND,RICHARD.W.
245 _aANATOMY OF OROFACIAL STRUCTURES
250 _a7TH
260 _aNEW DELHI
_bELSEVIER
_c2014
300 _a567
650 _aANATOMY
942 _2ddc
_cBK
999 _c9868
_d9868